Foxpro 2 business and MIS applications / (Record no. 182404)
[ view plain ]
| 000 -LEADER | |
|---|---|
| fixed length control field | 00791nam a2200229Ia 4500 |
| 005 - DATE AND TIME OF LATEST TRANSACTION | |
| control field | 20230824103200.0 |
| 008 - FIXED-LENGTH DATA ELEMENTS--GENERAL INFORMATION | |
| fixed length control field | 210716s1992 xx 000 0 und d |
| 020 ## - INTERNATIONAL STANDARD BOOK NUMBER | |
| International Standard Book Number | 8185623791 |
| 040 ## - CATALOGING SOURCE | |
| Transcribing agency | AIMIT LIBRARY |
| 041 ## - LANGUAGE CODE | |
| Language code of text/sound track or separate title | eng |
| 082 ## - DEWEY DECIMAL CLASSIFICATION NUMBER | |
| Classification number | 005.11FP |
| Edition number | 1 |
| Item number | CHAB |
| 100 ## - MAIN ENTRY--PERSONAL NAME | |
| Personal name | Chambers, Bill. |
| 9 (RLIN) | 130765 |
| 245 ## - TITLE STATEMENT | |
| Title | Foxpro 2 business and MIS applications / |
| Statement of responsibility, etc. | By Bill Chambers and Series Editor Leventhal, Lance A. |
| 250 ## - EDITION STATEMENT | |
| Edition statement | 1st ed. |
| 260 ## - PUBLICATION, DISTRIBUTION, ETC. | |
| Place of publication, distribution, etc. | New Delhi : |
| Name of publisher, distributor, etc. | Galgotia Publication Pvt Ltd , |
| Date of publication, distribution, etc. | 1992. |
| 300 ## - PHYSICAL DESCRIPTION | |
| Extent | xxix,388p. ; |
| 650 ## - SUBJECT ADDED ENTRY--TOPICAL TERM | |
| Topical term or geographic name entry element | Management information system |
| 9 (RLIN) | 130766 |
| 650 ## - SUBJECT ADDED ENTRY--TOPICAL TERM | |
| Topical term or geographic name entry element | Requirements analysis and database design |
| 9 (RLIN) | 130767 |
| 650 ## - SUBJECT ADDED ENTRY--TOPICAL TERM | |
| Topical term or geographic name entry element | Program design and coding |
| 9 (RLIN) | 130768 |
| 700 ## - ADDED ENTRY--PERSONAL NAME | |
| Personal name | Leventhal, Lance A ;ed. |
| 9 (RLIN) | 130769 |
| 942 ## - ADDED ENTRY ELEMENTS (KOHA) | |
| Source of classification or shelving scheme | Dewey Decimal Classification |
| Koha item type | Book |
| Edition | 1st ed. |
| Call number prefix | 005.11 FP CHAB |
| Withdrawn status | Lost status | Source of classification or shelving scheme | Damaged status | Not for loan | Collection code | Home library | Current library | Date acquired | Total Checkouts | Full call number | Barcode | Date last seen | Price effective from | Koha item type |
|---|---|---|---|---|---|---|---|---|---|---|---|---|---|---|
| Dewey Decimal Classification | MCA | St Aloysius Institute of Management & Information Technology | St Aloysius Institute of Management & Information Technology | 07/16/2021 | 005.11FP CHAB | MCA01912 | 07/21/2025 | 07/16/2021 | Book | |||||
| Dewey Decimal Classification | MCA | St Aloysius Institute of Management & Information Technology | St Aloysius Institute of Management & Information Technology | 07/16/2021 | 005.11FP CHAB | MCA02054 | 07/21/2025 | 07/16/2021 | Book | |||||
| Dewey Decimal Classification | MCA | St Aloysius Institute of Management & Information Technology | St Aloysius Institute of Management & Information Technology | 07/16/2021 | 005.11FP CHAB | MCA02351 | 07/21/2025 | 07/16/2021 | Book |